000 00217nam a22000857a 4500
008 170228b xxu||||| |||| 00| 0 eng d
100 _92949
_aBhatt.C et al
245 _aCmmunicative English-5
260 _aNew Delhi
_bFP
_c2012
999 _c6193
_d6193